Statistics for Countries + Capitals of North America with Empty Map

Click here to take the quiz!

General Stats

  • This quiz has been taken 74 times
  • The average score is 17 of 23

Answers on the Map

Answers color-coded by a green-red scale on the quiz's map according to % correct below.
 

Answer Stats

Country% Correct
Canada - Ottawa
92%
Mexico - Mexico City
90%
United States - Washington D.C.
88%
Panama - Panama City
84%
Cuba - Havana
82%
Haiti - Port au Prince
82%
Guatemala - Guatemala City
80%
Costa Rica - San Jose
78%
El Salvador - San Salvador
78%
Bahamas - Nassau
76%
Jamaica - Kingston
76%
Nicaragua - Managua
76%
Trinidad and Tobago - Port of Spain
76%
Dominican Republic - Santo Domingo
73%
Belize - Belmopan
71%
Antigua and Barbuda - Saint John's
69%
Honduras - Tegucigalpa
67%
Barbados - Bridgetown
63%
Saint Lucia - Castries
63%
Dominica - Roseau
61%
Saint Kitts and Nevis - Basse Terre
59%
Saint Vincent and the
Grenadines - Kingstown
55%
Grenada - Saint George's
53%

Score Distribution

Percentile by Number Answered

Percent of People with Each Score

Your Score History

You have not taken this quiz